00540nam a2200169 a 450000100100000000500170001000800410002702000180006804000250008608200170011110000330012824500520016126000440021330000210025750000630027850400290034100004479820201002045633.0150112s2014 dr 000 0 spa d a9789945081152 aDO-SdBNPbspacBNPHU axxxxxbxxxxx1 aTejeda Medina, José Miguel10aHerencia eterna /cJosé Miguel Tejeda Medina. aSanto Domingo :bE & L impresos,c2014. a168 p. ;c21 cm. aIncluye datos biográficos del autor en la contracubierta aBibliografías : p. 163